Plant systematics : (Registro nro. 1457)

Detalles MARC
000 -CABECERA
Campo de control 01135cam a2200265 i 4500
005 - FECHA Y HORA DE LA ULTIMA TRANSACCION
Campo de control 20160218164619.0
008 - ELEMENTOS DE LONGITUD FIJA—INFORMACION GENERAL
Campo de control 000524s1999 xxua r r 0011engnd d
020 ## - ISBN
ISBN 0878934049
020 ## - ISBN
ISBN 0878934057 (CDRom)
040 ## - FUENTE DE CATALOGACIÓN
Agencia catalogadora original la
Agencia transcriptora la
Agencia Modificadora CO-BoIAVH
041 0# - IDIOMA
Código de idioma para texto/pista de sonido o título separado Inglés
082 04 - NUMERO DE CLASIFICACION DECIMAL DEWEY
Número de clasificación 580.12
Número del ítem J92p
100 1# - ASIENTO PRINCIPAL--NOMBRE PERSONAL
Nombre personal Judd, Walter
9 (RLIN) 61082
245 10 - MENCION DE TITULO
Título Plant systematics :
Parte restante del título a phylogenetic approach /
Mención de responsabilidad Walter Judd y (otros tres autores más).
260 ## - PUBLICACION, DISTRIBUCION, ETC. (PIE DE IMPRENTA)
Lugar de publicación, distribución, etc. Sunderland (Massachusetts) :
Nombre del editor, distribuidor, etc. Sinauer Associates,
Fecha de publicación, distribución, etc. 1999.
300 ## - DESCRIPCION FISICA
Extensión xvi, 464 páginas :
Otros detalles físicos ilustraciones ;
Dimensiones 29 cm. +
Material acompañante 1 CD-Rom.
500 ## - NOTA GENERAL
Nota general Indice taxonómico p. 441.
500 ## - NOTA GENERAL
Nota general Cd-Rom contiene el programa: Plant systematics 1.0. Contiene más de 650 fotografías que ilustran las familias cubiertas en el texto. Incluye instrucciones de instalación para windows y Macintosh.
504 ## - NOTA DE BIBLIOGRAFIA, ETC.
Nota de bibliografía Incluye referencias bibliográficas e índice.
650 14 - ASIENTO SECUNDARIO DE MATERIA - TERMINO TEMATICO
Término temático o nombre geográfico como elemento de entrada Botánica
Subdivisión general Clasificación.
9 (RLIN) 61096
651 24 - ASIENTO SECUNDARIO DE MATERIA - NOMBRE GEOGRAFICO
Nombre geográfico Plantas
Subdivisión general Identificación
9 (RLIN) 61097
700 1# - ASIENTO SECUNDARIO - NOMBRE PERSONAL
Nombre personal Campbell, Christopher S.,
Término de relación autor.
9 (RLIN) 12380
700 1# - ASIENTO SECUNDARIO - NOMBRE PERSONAL
Nombre personal Kellog, Elizabeth A.
Término de relación autor.
9 (RLIN) 61085
942 ## - ELEMENTOS ADICIONALES (KOHA)
Sistema de clasificación Dewey Decimal Classification
Tipo de ítem Libro
Existencias
Withdrawn status Lost status Sistema de Clasificación Damaged status No para préstamo Colección Inventariado Ubicación Permanente Ubicación actual Fecha de adquisición Fuente de Valor Total Checkouts Número topográfico Inventario / Código de Barras Date last seen Ejemplar Price effective from Forma de adquisición Tipo de material Public note
    Dewey Decimal Classification     General Inventariado 2017 Bogotá Bogotá 01/09/1999 CID Humboldt   LB-580.12 J92p 018048 04/12/2012 Ej. 1 04/12/2012 Compra Libro Incluye 1 CD-ROM (CID-018049)